000 00373nam a2200157Ia 4500
003 Ost
005 20260225132539.0
008 260225s9999||||xx |||||||||||||| ||und||
040 _cfsic
041 _afre
082 _a302.23
100 _aPeppino ortoleva
_eAuteur
245 0 _aLa soçieté des médias du XX siécle /
245 0 _cPeppino ortoleva
942 _cكتاب
999 _c33421
_d33421